Termická dehydratácia sacharózy

Salvato in:
Dettagli Bibliografici
Autore principale: Vričan, Marek (Autore)
Natura: Manoscritto Libro
Lingua:slovacco
Pubblicazione: Bratislava : STU v Bratislave FCHPT, 2002
Edizione:Obháj.: 4.6.2002
Tags: Aggiungi Tag
Nessun Tag, puoi essere il primo ad aggiungerne!!

MARC

LEADER 00000ntm a22000003a 4500
001 stu76467
005 20150617225645.3
008 020704s2002----xo------------------slo-d
040 |a STU  |b slo 
041 0 |a slo 
044 |a xo 
100 1 |a Vričan, Marek  |4 aut 
245 1 |a Termická dehydratácia sacharózy 
250 |a Obháj.: 4.6.2002 
260 |a Bratislava :  |b STU v Bratislave FCHPT,  |c 2002 
300 |a 36 s. Grafy,lit 
500 |a Špec.: Chemická technológia dreva,celulózy a papiera 
996 |b 284C026863  |c C*D13550  |l CCI  |s A  |a 24  |w stu76467_0001